| 000 | 00469nam a2200181Ia 4500 | ||
|---|---|---|---|
| 001 | 4859 | ||
| 005 | 20260306145825.0 | ||
| 008 | 260306t2011||||xx |||||||||||||| ||spa|| | ||
| 041 | _aESP | ||
| 082 |
_a330.985 _bC235 JULIO |
||
| 100 |
_aCentro Nacional de Planemiento Estratégico _eAUT |
||
| 245 | 0 |
_aPlan bicentenario: _bel Perú hacia el 2021 |
|
| 260 | _c2011 | ||
| 300 |
_a265 páginas : _c29 cm. |
||
| 650 | _aGEN | ||
| 654 | _aCAN | ||
| 942 |
_cLIB _dJUS _fJUS _2ddc _n |
||
| 999 |
_c4859 _d4859 |
||